Escribir en las disciplinas: (Registro nro. 9384)

Detalles MARC
000 -Cabecera
Campo de control interno 00535nam a2200181Ia 4500
005 - Fecha y hora del registro
control field 20260306161714.0
008 - Elementos de Longitud Fija
fixed length control field 260306t2017||||xx |||||||||||||| ||spa||
041 ## - Idioma
Codigo Idioma ESP
082 ## - DEWEY y NOTACIÓN INTERNA
Dewey 378.17028
Notación Interna G15
100 ## - AUTOR
Autor denominación Gallardo-Saborido, Emilio J.
Término de relación autor
245 #0 - TÍTULO DE MATERIAL BIBLIOGRÁFICO
Título Escribir en las disciplinas:
Título paralelo intervenciones para desarrollar los géneros académicos y profesionales en la Educación Superior
260 ## - CIUDAD, EDITORIAL, AÑO
Año 2017
300 ## - DESCRIPCIÓN
N° Páginas 222 páginas :
Dimensiones 23 cm.
650 ## - TEMAS
Temas Generalidades
654 ## - PROGRAMAS
Programa Dpto. de Educación
942 ## - ELEMENTOS DE KOHA
Tipo de documento Libro
Nombre del creador Justo Noguera
Código de catalogador Justo Noguera
Esquema de clasificación Dewey Decimal Classification
Suppress in OPAC
Existencias
Codigo completo Registro Colección Copia número Disponibilidad Tipo de préstamo Biblioteca Actual Procedencia (Biblioteca) Ubicacón Fecha Ingreso Tipo de Adquisición Date last seen Total checkouts Price effective from Tipo de Item Estado del Material Fuente de Clasificación Damaged status Withdrawn status
378.17028 G15 1065259 Universidad Católica San Pablo 1 Disponible Disponible Víctor Andrés Belaunde Víctor Andrés Belaunde Planta baja abierta 03/06/2026 Compra 06/03/2026   06/03/2026 Libro Bueno Dewey Decimal Classification